[Event "4th Lost Boys op"]
[Site "Antwerp BEL"]
[Date "1996.08.02"]
[Round "1.1"]
[White "Sokolov, Ivan"]
[Black "Sadkowsky, Daniel"]
[Result "1-0"]
[WhiteElo "2670"]
[BlackElo "2270"]
[EventDate "1996.08.02"]
[PlyCount "99"]

1.d4 Nf6 2.c4 e6 3.Nc3 Bb4 4.Qc2 O-O 5.a3 Bxc3+ 6.Qxc3 b6 7.Bg5 Bb7 8.Nf3 
d6 9.Nd2 Nbd7 10.f3 c5 11.e4 cxd4 12.Qxd4 Qc7 13.Be2 Rfe8 14.O-O d5 15.
cxd5 exd5 16.Rac1 Qd6 17.Bb5 Re6 18.Rfe1 dxe4 19.Qxd6 Rxd6 20.fxe4 Ne5 21.
Bf4 Re6 22.Rc7 Bc6 23.Ba6 Ng6 24.Bg3 Ne8 25.Rc8 Rxc8 26.Bxc8 Re7 27.Rc1 
Bd7 28.Ba6 Ne5 29.Nf3 Nxf3+ 30.gxf3 g5 31.Bd3 Kg7 32.Kf2 f5 33.exf5 Kf6 
34.Bb8 Bxf5 35.Rc6+ Be6 36.b4 h5 37.f4 gxf4 38.Bxf4 Kf7 39.h4 Ng7 40.Rc7 
Rxc7 41.Bxc7 Nf5 42.Bb8 a5 43.b5 Ne7 44.Bc7 Nd5 45.Bd8 Ke8 46.Bg5 Kf7 47.
Kf3 a4 48.Ke4 Nc7 49.Be3 Nd5 50.Bd4 1-0

[Event "4th Lost Boys op"]
[Site "Antwerp BEL"]
[Date "1996.08.02"]
[Round "1.2"]
[White "Meulders, Richard"]
[Black "Oll, Lembit"]
[Result "0-1"]
[WhiteElo "2265"]
[BlackElo "2620"]
[EventDate "1996.08.02"]
[PlyCount "68"]

1.d4 Nf6 2.c4 e6 3.Nc3 Bb4 4.e3 c5 5.Bd3 cxd4 6.exd4 d5 7.cxd5 Nxd5 8.Ne2 
Nc6 9.O-O Nf6 10.a3 Bd6 11.h3 h6 12.Ne4 Be7 13.Be3 Nd5 14.Rc1 O-O 15.Nc5 
e5 16.Be4 Nxe3 17.fxe3 Bg5 18.Rc3 exd4 19.exd4 Rb8 20.b4 Ne7 21.d5 b6 22.
Nb3 Ba6 23.Re1 Bh4 24.g3 Bf6 25.Rf3 Qd6 26.Nbd4 Qe5 27.Re3 Kh8 28.Nf3 Bxe2
29.Qxe2 Qxg3+ 30.Kh1 Qxh3+ 31.Nh2 Qd7 32.Bg2 Nf5 33.Ng4 Nxe3 34.Nxf6 Qf5 
0-1

[Event "4th Lost Boys op"]
[Site "Antwerp BEL"]
[Date "1996.08.02"]
[Round "1.3"]
[White "Gurevich, Mikhail"]
[Black "De Vreugt, Dennis"]
[Result "0-1"]
[WhiteElo "2605"]
[BlackElo "2265"]
[EventDate "1996.08.02"]
[PlyCount "78"]

1.d4 Nf6 2.c4 c5 3.d5 b5 4.cxb5 a6 5.f3 axb5 6.e4 Qa5+ 7.Bd2 b4 8.Na3 d6 
9.Nc4 Qd8 10.Bd3 e6 11.dxe6 Bxe6 12.Ne2 Nc6 13.Nf4 Be7 14.O-O O-O 15.Qe1 
Nd7 16.Nxe6 fxe6 17.f4 Kh8 18.Qg3 d5 19.exd5 exd5 20.Qh3 Nf6 21.Ne5 Nxe5 
22.fxe5 Ne4 23.Be3 c4 24.Bc2 Qc7 25.Bd4 Ng5 26.Qg4 Qc6 27.Kh1 b3 28.axb3 
Rxa1 29.Rxa1 cxb3 30.Bd3 Qe6 31.Qh5 Ne4 32.Rc1 Kg8 33.Kg1 Bg5 34.Rf1 Bf4 
35.g3 g6 36.Qe2 Bxe5 37.Rxf8+ Kxf8 38.Ba7 Bf6 39.Kg2 Kg7 0-1

[Event "4th Lost Boys op"]
[Site "Antwerp BEL"]
[Date "1996.08.02"]
[Round "1.4"]
[White "Bolzoni, Victor-Angel"]
[Black "Van Wely, Loek"]
[Result "0-1"]
[WhiteElo "2260"]
[BlackElo "2605"]
[EventDate "1996.08.02"]
[PlyCount "62"]

1.e4 c5 2.Nf3 d6 3.d4 cxd4 4.Nxd4 Nf6 5.Nc3 a6 6.h3 g6 7.g4 Bg7 8.Bg2 O-O 
9.O-O Nc6 10.Nxc6 bxc6 11.e5 dxe5 12.Bxc6 Rb8 13.Qxd8 Rxd8 14.Ba4 h5 15.f3
e4 16.Bb3 exf3 17.g5 Nd7 18.Rxf3 Ne5 19.Rg3 h4 20.Re3 Bf5 21.Kg2 Nc6 22.
Ne2 Nb4 23.c3 Nd5 24.Bxd5 Rxd5 25.Nd4 Bxd4 26.cxd4 Rxd4 27.Rxe7 Rd1 28.Rc7
Re8 29.b4 Be4+ 30.Kf2 Bd3 31.a4 Re2+ 0-1

[Event "4th Lost Boys op"]
[Site "Antwerp BEL"]
[Date "1996.08.02"]
[Round "1.6"]
[White "Van Hul, Chris"]
[Black "Vaganian, Rafael"]
[Result "0-1"]
[WhiteElo "2260"]
[BlackElo "2595"]
[EventDate "1996.08.02"]
[PlyCount "118"]

1.e4 e6 2.d4 d5 3.e5 b6 4.c3 Qd7 5.Nf3 Ne7 6.Bd3 Ba6 7.O-O Bxd3 8.Qxd3 Nf5
9.Be3 c5 10.Nbd2 Nc6 11.Rfe1 Be7 12.Nf1 Rc8 13.Rad1 cxd4 14.Bxd4 Nfxd4 15.
Nxd4 Nxd4 16.Qxd4 Qb5 17.Rd2 Qc4 18.Qxc4 Rxc4 19.Rde2 Kd7 20.Nd2 Ra4 21.
Ra1 b5 22.Nb3 Rc8 23.Kf1 b4 24.cxb4 Rxb4 25.Rc1 Rbc4 26.Rxc4 Rxc4 27.Ke1 
Bd8 28.Kd2 Bb6 29.Nc1 Ba5+ 30.Kd1 Rd4+ 31.Kc2 Re4 32.Rxe4 dxe4 33.f3 exf3 
34.gxf3 Kc6 35.Nd3 Kd5 36.b4 Bc7 37.f4 Kc4 38.a3 Bb6 39.a4 Be3 40.b5 h6 
41.Nb2+ Kb4 42.h3 Bd4 43.Nd1 Kxa4 44.Kd3 Ba1 45.Kc4 g5 46.fxg5 hxg5 47.Nf2
Bxe5 48.Ne4 Bf4 49.Nc5+ Ka5 50.Nb7+ Kb6 51.Nd8 e5 52.Nxf7 e4 53.Nd8 e3 54.
Kd3 Kxb5 55.Ne6 a5 56.h4 a4 57.hxg5 Be5 58.g6 a3 59.Nf4 a2 0-1

[Event "4th Lost Boys op"]
[Site "Antwerp BEL"]
[Date "1996.08.02"]
[Round "1.7"]
[White "Lobron, Eric"]
[Black "Hofman, Ron"]
[Result "1-0"]
[WhiteElo "2585"]
[BlackElo "2255"]
[EventDate "1996.08.02"]
[PlyCount "71"]

1.d4 Nf6 2.Nf3 c6 3.c4 e6 4.Bg5 Bb4+ 5.Nbd2 d5 6.e3 Nbd7 7.a3 Be7 8.Bd3 
O-O 9.Rc1 c5 10.cxd5 exd5 11.O-O c4 12.Bb1 b5 13.Nh4 g6 14.f4 Ne8 15.Ndf3 
Nd6 16.Qe1 Re8 17.Qg3 Nf6 18.Bxf6 Bxf6 19.f5 Ne4 20.Bxe4 Rxe4 21.fxg6 hxg6
22.Nxg6 Rg4 23.Qf2 Rxg6 24.Ne5 Rh6 25.Qg3+ Kf8 26.Qf4 Kg7 27.Nxf7 Kxf7 28.
Qxh6 Ke6 29.Rf3 Qh8 30.Qg6 Bb7 31.Qf5+ Ke7 32.Rh3 Qf8 33.Rh7+ Bg7 34.Qe5+ 
Kf7 35.Rf1+ Kg6 36.Qh5# 1-0

[Event "4th Lost Boys op"]
[Site "Antwerp BEL"]
[Date "1996.08.02"]
[Round "1.8"]
[White "Lacrosse, Marc"]
[Black "Novikov, Igor"]
[Result "1/2-1/2"]
[WhiteElo "2250"]
[BlackElo "2585"]
[EventDate "1996.08.02"]
[PlyCount "81"]

1.d4 d5 2.c4 e6 3.Nc3 c6 4.Nf3 Nf6 5.Bg5 h6 6.Bxf6 Qxf6 7.Qc2 dxc4 8.e3 b5
9.a4 Bb7 10.axb5 cxb5 11.Nxb5 Bb4+ 12.Nc3 O-O 13.Be2 Nd7 14.O-O Rfc8 15.
Rfd1 a5 16.Nd2 Nb6 17.Bf3 Nd5 18.Nde4 Qe7 19.Na4 Rab8 20.Nec5 Bc6 21.Rdc1 
Bb5 22.h3 Qd8 23.Be2 c3 24.Nxc3 Nxc3 25.bxc3 Bxc5 26.dxc5 Rxc5 27.Bxb5 
Rbxb5 28.Ra4 Qc7 29.c4 Rb6 30.Qd2 Rd6 31.Qe1 Rdc6 32.g3 g6 33.Qd2 Rd6 34.
Qe1 h5 35.h4 Rdc6 36.Qc3 g5 37.hxg5 Rxg5 38.Qd4 Rg4 39.Qf6 Rd6 40.Qf3 Kg7 
41.Rb1 1/2-1/2

[Event "4th Lost Boys op"]
[Site "Antwerp BEL"]
[Date "1996.08.02"]
[Round "1.9"]
[White "Piket, Jeroen"]
[Black "De Jonghe, Peter"]
[Result "1-0"]
[WhiteElo "2580"]
[BlackElo "2245"]
[EventDate "1996.08.02"]
[PlyCount "81"]

1.d4 Nf6 2.Nf3 g6 3.c4 Bg7 4.Nc3 d6 5.e4 O-O 6.h3 Nbd7 7.Be3 e5 8.d5 Nc5 
9.Nd2 a5 10.g4 Bd7 11.Be2 a4 12.g5 Ne8 13.h4 f6 14.Rb1 fxg5 15.hxg5 Qe7 
16.b4 axb3 17.axb3 Rf4 18.Rg1 Rh4 19.b4 Na4 20.Qc2 Nxc3 21.Qxc3 Kf7 22.c5 
Rh3 23.Bf1 Rh4 24.Bc4 Rh3 25.Ra1 Rxa1+ 26.Qxa1 h6 27.Qa7 Qd8 28.Qxb7 hxg5 
29.c6 Bc8 30.Qb8 Bf6 31.b5 g4 32.Nf1 Ng7 33.Be2 Rh4 34.b6 cxb6 35.Bxb6 Qf8
36.Rg3 Nh5 37.Ra3 g3 38.Ra7+ Kg8 39.fxg3 Rxe4 40.Ra8 Rxe2+ 41.Kxe2 1-0

[Event "4th Lost Boys op"]
[Site "Antwerp BEL"]
[Date "1996.08.02"]
[Round "1.10"]
[White "Tolhuizen, Ludo"]
[Black "Shchekachev, Andrei"]
[Result "0-1"]
[WhiteElo "2245"]
[BlackElo "2560"]
[EventDate "1996.08.02"]
[PlyCount "54"]

1.d4 g6 2.e4 d6 3.Nc3 Bg7 4.Be3 a6 5.a4 Nf6 6.h3 O-O 7.Nf3 Nc6 8.d5 Nb8 9.
Be2 e6 10.dxe6 Bxe6 11.O-O Nc6 12.Nd2 Re8 13.f4 d5 14.e5 d4 15.exf6 Bxf6 
16.Nce4 dxe3 17.Nxf6+ Qxf6 18.Ne4 Qe7 19.Ng3 Rad8 20.Qe1 Nd4 21.Bd3 Bd5 
22.Ne2 Bc6 23.Nxd4 Rxd4 24.f5 Qg5 25.Qe2 Qg3 26.a5 Rh4 27.fxg6 hxg6 0-1

[Event "4th Lost Boys op"]
[Site "Antwerp BEL"]
[Date "1996.08.02"]
[Round "1.11"]
[White "Legky, Nikolai"]
[Black "De Boer, Sybolt"]
[Result "1-0"]
[WhiteElo "2540"]
[BlackElo "2240"]
[EventDate "1996.08.02"]
[PlyCount "159"]

1.d4 d5 2.c4 e6 3.Nf3 c6 4.Bg5 Nf6 5.Nbd2 Be7 6.e3 O-O 7.Bd3 Nbd7 8.O-O b6
9.Rc1 Bb7 10.Qe2 c5 11.b3 Ne4 12.Bxe7 Qxe7 13.cxd5 Nxd2 14.Nxd2 Bxd5 15.
Ba6 Rab8 16.Rfe1 Bb7 17.Bxb7 Rxb7 18.Nf3 Rc7 19.Rc2 Rfc8 20.Rec1 Qd8 21.
Qa6 g6 22.b4 Nb8 23.Qc4 b5 24.Qxb5 cxd4 25.Rxc7 Rxc7 26.Rd1 d3 27.h4 Rc3 
28.h5 Nc6 29.h6 Qf8 30.Rxd3 Rc1+ 31.Kh2 Qxh6+ 32.Kg3 Qf8 33.a3 Qc8 34.Kh2 
Rc2 35.Qg5 Qc7+ 36.Qg3 Qxg3+ 37.Kxg3 Ra2 38.Rd7 Rxa3 39.b5 Nb4 40.Ne5 Ra5 
41.Nxf7 Rxb5 42.Nh6+ Kh8 43.Ng4 Rf5 44.Rxa7 Nc6 45.Ra6 Rc5 46.Ra8+ Kg7 47.
Rc8 Rc4 48.Rc7+ Kf8 49.Rxh7 Ne7 50.Kf3 Rc5 51.e4 Ra5 52.Kf4 g5+ 53.Kg3 Ng6
54.Rc7 Rb5 55.Nf6 Nf4 56.Nh7+ Kg8 57.Nf6+ Kf8 58.Nh7+ Kg8 59.f3 Ng6 60.Kh3
Ra5 61.Kg4 Ne5+ 62.Kh5 Ra2 63.Nf6+ Kf8 64.Rc5 Nf7 65.Kg6 Nh8+ 66.Kh7 Nf7 
67.Rc8+ Ke7 68.Kg7 Ne5 69.Rc5 Kd6 70.Rb5 Rxg2 71.Ne8+ Ke7 72.Rxe5 Kxe8 73.
Rxe6+ Kd7 74.Kf7 g4 75.f4 Rf2 76.f5 g3 77.Rg6 g2 78.f6 Kd6 79.Rg5 Re2 80.
e5+ 1-0

[Event "4th Lost Boys op"]
[Site "Antwerp BEL"]
[Date "1996.08.02"]
[Round "1.12"]
[White "Schabanel, Stephane"]
[Black "Ye Rongguang"]
[Result "0-1"]
[WhiteElo "2230"]
[BlackElo "2490"]
[EventDate "1996.08.02"]
[PlyCount "36"]

1.e4 d5 2.exd5 Nf6 3.Bb5+ Bd7 4.Be2 Nxd5 5.d4 g6 6.Nf3 Bg7 7.c4 Nb6 8.h3 
c5 9.Nc3 cxd4 10.Nxd4 Nc6 11.Nc2 Be6 12.Ne3 Qxd1+ 13.Ncxd1 Nd4 14.Bd2 Nxe2
15.Kxe2 Nxc4 16.Bc3 O-O 17.Rc1 Rac8 18.Bb4 Nxe3 0-1

[Event "4th Lost Boys op"]
[Site "Antwerp BEL"]
[Date "1996.08.02"]
[Round "1.13"]
[White "Miezis, Normunds"]
[Black "Rodriguez Martin, Emilio"]
[Result "1-0"]
[WhiteElo "2530"]
[BlackElo "2225"]
[EventDate "1996.08.02"]
[PlyCount "51"]

1.c4 e5 2.Nc3 Nf6 3.g3 d5 4.cxd5 Nxd5 5.Bg2 Nb6 6.Nf3 Nc6 7.Rb1 Be6 8.O-O 
Be7 9.b4 a6 10.a3 O-O 11.d3 Kh8 12.Ne4 Nd5 13.Qc2 f5 14.Nc5 Bc8 15.Rd1 Bf6
16.Bb2 Qd6 17.Rbc1 g5 18.e4 Nde7 19.exf5 g4 20.Nd2 Nxf5 21.Nc4 Qe7 22.Bxc6
bxc6 23.Re1 Qf7 24.Rxe5 Nd6 25.Rce1 Nxc4 26.dxc4 1-0

[Event "4th Lost Boys op"]
[Site "Antwerp BEL"]
[Date "1996.08.02"]
[Round "1.14"]
[White "Van den Brande, Werner"]
[Black "Nijboer, Friso"]
[Result "0-1"]
[WhiteElo "2225"]
[BlackElo "2525"]
[EventDate "1996.08.02"]
[PlyCount "86"]

1.e4 c5 2.Nf3 e6 3.d4 cxd4 4.Nxd4 a6 5.Bd3 Bc5 6.Nb3 Be7 7.O-O d6 8.f4 Nd7
9.Qf3 Ngf6 10.Nc3 Qc7 11.Bd2 b6 12.Rae1 Bb7 13.Kh1 O-O 14.Qh3 e5 15.fxe5 
Nxe5 16.Nd4 Rfe8 17.Nf5 Bf8 18.Bg5 Nfd7 19.Qg3 Kh8 20.Ne2 Nc5 21.Ned4 Ne6 
22.Bd2 Rac8 23.Bc3 g6 24.Nxe6 fxe6 25.Bxe5+ dxe5 26.Ne3 Bg7 27.Qg4 b5 28.
Rf3 Qe7 29.Ref1 Rf8 30.a3 Rf4 31.Rxf4 exf4 32.Nd1 Be5 33.Qe2 Qc5 34.Qg4 
Qd6 35.Qe2 Rf8 36.Rf3 Rd8 37.Rf1 Bc6 38.a4 bxa4 39.Bxa6 Qb4 40.Bd3 Bxb2 
41.Nxb2 Qxb2 42.Rxf4 a3 43.Rf1 a2 0-1

[Event "4th Lost Boys op"]
[Site "Antwerp BEL"]
[Date "1996.08.02"]
[Round "1.15"]
[White "Suba, Mihai"]
[Black "Van Houtte, Thierry"]
[Result "1-0"]
[WhiteElo "2520"]
[BlackElo "2215"]
[EventDate "1996.08.02"]
[PlyCount "39"]

1.c4 e5 2.g3 d5 3.cxd5 Qxd5 4.Nf3 Bb4 5.a3 e4 6.axb4 exf3 7.e3 Nf6 8.Nc3 
Qh5 9.Ra5 Qg4 10.Re5+ Be6 11.d4 Nbd7 12.h3 Qg6 13.Bd3 Nxe5 14.Bxg6 Nxg6 
15.e4 O-O-O 16.Be3 Ne5 17.d5 Nc4 18.Qd4 Nxe3 19.fxe3 Kb8 20.Nb5 1-0

[Event "4th Lost Boys op"]
[Site "Antwerp BEL"]
[Date "1996.08.02"]
[Round "1.16"]
[White "Markus, John Raymond"]
[Black "Van der Sterren, Paul"]
[Result "0-1"]
[WhiteElo "2210"]
[BlackElo "2510"]
[EventDate "1996.08.02"]
[PlyCount "62"]

1.d4 Nf6 2.Nf3 d5 3.e3 c6 4.Nbd2 Bf5 5.Bd3 Bxd3 6.cxd3 e6 7.O-O Be7 8.Re1 
O-O 9.e4 a5 10.e5 Nfd7 11.Nf1 Qe8 12.Ng3 f5 13.exf6 Bxf6 14.Bg5 Na6 15.a3 
Nc7 16.Bxf6 Rxf6 17.Ne5 Nxe5 18.dxe5 Rf4 19.Ne2 Rh4 20.g3 Qg6 21.Kh1 Rh6 
22.Nf4 Qf5 23.Kg1 Rf8 24.h4 Nb5 25.d4 Rxh4 26.a4 Rxf4 27.axb5 Rxf2 28.Re2 
Qf3 29.Rxf2 Qxf2+ 30.Kh1 Qxg3 31.Rxa5 Qh4+ 0-1

[Event "4th Lost Boys op"]
[Site "Antwerp BEL"]
[Date "1996.08.02"]
[Round "1.18"]
[White "De Jager, Jaap"]
[Black "Rotsagov, Mihhail"]
[Result "1-0"]
[WhiteElo "2205"]
[BlackElo "2495"]
[EventDate "1996.08.02"]
[PlyCount "106"]

1.c4 e6 2.Nf3 Nf6 3.g3 d5 4.Bg2 dxc4 5.Qa4+ Nbd7 6.Qxc4 a6 7.O-O b5 8.Qc2 
Bb7 9.a4 c5 10.d3 Be7 11.Nc3 b4 12.Nb1 O-O 13.Nbd2 a5 14.Nc4 Nd5 15.Be3 
Qc7 16.Nfd2 f5 17.f4 e5 18.fxe5 Nxe5 19.Bf2 f4 20.Nxe5 Qxe5 21.Nc4 Qg5 22.
Qd2 Ra6 23.e4 fxe3 24.Bxe3 Qh5 25.Rxf8+ Bxf8 26.Rf1 Qe8 27.Bf2 Qxa4 28.Qg5
Qd7 29.Ne5 Qe7 30.Qxe7 Bxe7 31.Nd7 Rd6 32.Nxc5 Bc8 33.Nb3 Nf6 34.Bc5 Rd7 
35.Bxe7 Rxe7 36.Nxa5 Re2 37.Nc4 Ba6 38.Rc1 Kf8 39.Bf3 Re7 40.Kf2 Rc7 41.b3
Nd7 42.d4 Nb6 43.Be2 Nxc4 44.Bxc4 Bxc4 45.bxc4 Ke7 46.Ke3 Kd6 47.Kd3 Ra7 
48.Rb1 Ra3+ 49.Ke4 Ra4 50.Rb3 Kc6 51.Ke5 Kb6 52.Kd6 Ka5 53.Kc5 h5 1-0

[Event "4th Lost Boys op"]
[Site "Antwerp BEL"]
[Date "1996.08.02"]
[Round "1.19"]
[White "Wells, Peter"]
[Black "Maes, Wim"]
[Result "1-0"]
[WhiteElo "2475"]
[BlackElo "2205"]
[EventDate "1996.08.02"]
[PlyCount "95"]

1.d4 Nf6 2.Nf3 g6 3.c4 Bg7 4.Nc3 O-O 5.e4 d6 6.Be2 e5 7.O-O Nc6 8.d5 Ne7 
9.Ne1 Nd7 10.Be3 f5 11.f3 Nf6 12.c5 Kh8 13.a4 Neg8 14.g4 Ne8 15.Ng2 fxg4 
16.fxg4 Rxf1+ 17.Qxf1 dxc5 18.Bxc5 Nd6 19.Bf3 Bd7 20.Qd3 b6 21.Be3 Qf6 22.
Rf1 Rf8 23.Be2 Qd8 24.Rxf8 Bxf8 25.h3 a5 26.Ne1 Qe8 27.Nf3 Nb7 28.Qc2 Nc5 
29.Bb5 Bd6 30.Kg2 Bxb5 31.Nxb5 Qe7 32.Bxc5 Bxc5 33.Qc3 Bd6 34.Nxd6 cxd6 
35.Qc8 h6 36.Qb8 Qd7 37.Qxb6 Qxa4 38.Qxd6 Qc2+ 39.Kg3 Qxb2 40.Qxe5+ Qxe5+ 
41.Nxe5 Nf6 42.Kf4 a4 43.Nc4 Kg7 44.Ke5 Kf7 45.Kd4 h5 46.g5 Ne8 47.Kc5 Ke7
48.Kb4 1-0

[Event "4th Lost Boys op"]
[Site "Antwerp BEL"]
[Date "1996.08.02"]
[Round "1.20"]
[White "Veltkamp, Gerben"]
[Black "Barsov, Alexei"]
[Result "0-1"]
[WhiteElo "2205"]
[BlackElo "2475"]
[EventDate "1996.08.02"]
[PlyCount "82"]

1.e4 e6 2.d4 d5 3.Nd2 Nf6 4.e5 Nfd7 5.Bd3 c5 6.c3 Nc6 7.Ngf3 g6 8.h4 Qb6 
9.h5 Bg7 10.hxg6 hxg6 11.Rxh8+ Bxh8 12.dxc5 Nxc5 13.Nb3 Nxd3+ 14.Qxd3 Nxe5
15.Nxe5 Bxe5 16.Be3 Qc7 17.O-O-O b6 18.Kb1 Qc4 19.Qc2 Qe4 20.Qxe4 dxe4 21.
Nd2 Bb7 22.Nc4 Bc7 23.Bg5 Bc6 24.Bf6 Bd6 25.Be5 f6 26.Bf4 e5 27.Be3 Bc7 
28.Rh1 O-O-O 29.Rh7 Rd7 30.Rh8+ Kb7 31.Nd2 f5 32.g3 f4 33.gxf4 exf4 34.Bd4
Re7 35.Nf1 Bb5 36.Rh1 g5 37.Kc2 g4 38.Nd2 Bd3+ 39.Kd1 e3 40.Re1 e2+ 41.Kc1
f3 0-1

[Event "4th Lost Boys op"]
[Site "Antwerp BEL"]
[Date "1996.08.02"]
[Round "1.21"]
[White "Kogan, Artur"]
[Black "Tonoli, Jose"]
[Result "1-0"]
[WhiteElo "2475"]
[BlackElo "2200"]
[EventDate "1996.08.02"]
[PlyCount "99"]

1.e4 e5 2.Nf3 Nc6 3.Bc4 Nf6 4.Ng5 d5 5.exd5 Nd4 6.Nc3 h6 7.Nge4 Nxe4 8.
Nxe4 Bf5 9.d3 b5 10.Bb3 Nxb3 11.axb3 Qxd5 12.Qf3 Bxe4 13.dxe4 Qc6 14.O-O 
Bc5 15.Qc3 Qd6 16.Be3 Bxe3 17.Qxe3 O-O 18.Rxa7 Rxa7 19.Qxa7 Qc6 20.c3 Ra8 
21.Qe3 Qe6 22.b4 Qc4 23.h3 Rd8 24.Ra1 Kh7 25.Qc5 Qxc5 26.bxc5 Kg6 27.Ra7 
Rc8 28.c6 f5 29.Rb7 fxe4 30.Rxb5 Kf5 31.Kf1 Ke6 32.Ke2 Kd6 33.Ke3 Rf8 34.
b4 Rf5 35.Rc5 g5 36.Rc4 Kd5 37.Rxe4 h5 38.b5 Rf8 39.Rb4 Ra8 40.Rb1 Ra3 41.
Rd1+ Kc5 42.Ke4 Kxb5 43.Rd5+ Kxc6 44.Rxe5 Rxc3 45.Rxg5 Rc4+ 46.Kd3 Rh4 47.
Ke3 Kb6 48.f4 c5 49.Kf3 c4 50.Re5 1-0

[Event "4th Lost Boys op"]
[Site "Antwerp BEL"]
[Date "1996.08.02"]
[Round "1.22"]
[White "Van Herck, Marcel"]
[Black "Kuijf, Marinus"]
[Result "1/2-1/2"]
[WhiteElo "2195"]
[BlackElo "2475"]
[EventDate "1996.08.02"]
[PlyCount "82"]

1.d4 d5 2.Nc3 Nf6 3.Bg5 Nbd7 4.Nf3 h6 5.Bh4 e6 6.Qd3 c5 7.e4 cxd4 8.Qxd4 
Qa5 9.Bxf6 gxf6 10.exd5 Bc5 11.Qd2 Bb4 12.dxe6 fxe6 13.Bc4 Bxc3 14.bxc3 
Ne5 15.Nxe5 Qxe5+ 16.Kf1 Qc7 17.Bb5+ Bd7 18.Qxd7+ Qxd7 19.Bxd7+ Kxd7 20.
Ke2 Rac8 21.Rhd1+ Ke7 22.Rd3 Rhg8 23.Rad1 Rc7 24.Kf1 Rg5 25.Rd8 Rgc5 26.
Rh8 e5 27.Rxh6 Ke6 28.g4 Rg7 29.h3 Rxc3 30.Rd2 Ra3 31.Re2 Kf7 32.c4 Rc3 
33.Re4 Rc1+ 34.Ke2 Rc2+ 35.Ke3 Rxa2 36.f4 Ra3+ 37.Ke2 exf4 38.Rxf4 Rg6 39.
Rh7+ Rg7 40.Rh6 Ra6 41.h4 Rg6 1/2-1/2

[Event "4th Lost Boys op"]
[Site "Antwerp BEL"]
[Date "1996.08.02"]
[Round "1.23"]
[White "Van den Doel, Erik"]
[Black "Duric, Slavko"]
[Result "1-0"]
[WhiteElo "2440"]
[BlackElo "2190"]
[EventDate "1996.08.02"]
[PlyCount "67"]

1.e4 c6 2.d4 d5 3.Nd2 dxe4 4.Nxe4 Nd7 5.Ng5 Ngf6 6.Bd3 e6 7.N1f3 Bd6 8.Qe2
h6 9.Ne4 Nxe4 10.Qxe4 Nf6 11.Qe2 Qc7 12.Bd2 Bf4 13.Bxf4 Qxf4 14.O-O O-O 
15.c4 b6 16.c5 Bb7 17.Rac1 Rfb8 18.a3 b5 19.Rcd1 Kf8 20.Bb1 g5 21.Ne5 Nd7 
22.g3 Qf6 23.f4 Nxe5 24.fxe5 Qg7 25.Qh5 Ke7 26.Rf6 Rh8 27.Rdf1 Raf8 28.Be4
a5 29.Qf3 g4 30.Qg2 Rc8 31.Rxf7+ Qxf7 32.Rxf7+ Kxf7 33.Qf2+ Ke8 34.Qf6 1-0

[Event "4th Lost Boys op"]
[Site "Antwerp BEL"]
[Date "1996.08.02"]
[Round "1.25"]
[White "Van Riemsdijk, Herman Claudius"]
[Black "Ooms, Andy"]
[Result "1-0"]
[WhiteElo "2425"]
[BlackElo "2185"]
[EventDate "1996.08.02"]
[PlyCount "66"]

1.e4 c5 2.Nf3 Nc6 3.Nc3 g6 4.g3 d6 5.Bg2 Bg7 6.O-O Nf6 7.d3 O-O 8.Nh4 Nd4 
9.f4 e6 10.Ne2 Nxe2+ 11.Qxe2 d5 12.c3 Qb6 13.Be3 d4 14.Bf2 e5 15.f5 Bd7 
16.h3 Ne8 17.g4 g5 18.Nf3 h6 19.h4 f6 20.b4 Qa6 21.bxc5 Bb5 22.Rfd1 dxc3 
23.Bf1 Nc7 24.Rdc1 Rfd8 25.Rxc3 Rd7 26.a4 Bc6 27.Qc2 Qa5 28.d4 Bxe4 29.
Qxe4 Qxc3 30.Rb1 Nd5 31.dxe5 fxe5 32.Bc4 Rad8 33.Rd1 Kh8 1-0

[Event "4th Lost Boys op"]
[Site "Antwerp BEL"]
[Date "1996.08.02"]
[Round "1.26"]
[White "Petermann, Hubert"]
[Black "Polaczek, Richard"]
[Result "0-1"]
[WhiteElo "2180"]
[BlackElo "2420"]
[EventDate "1996.08.02"]
[PlyCount "46"]

1.e4 Nf6 2.e5 Nd5 3.c4 Nb6 4.d4 d6 5.exd6 cxd6 6.Nc3 g6 7.Be3 Bg7 8.d5 O-O
9.Bd4 Bxd4 10.Qxd4 e5 11.dxe6 Nc6 12.Qd2 Bxe6 13.b3 d5 14.cxd5 Nxd5 15.Rd1
Qf6 16.Ne4 Qe5 17.Bd3 Bg4 18.Ne2 Bxe2 19.Bxe2 Nf4 20.Ng3 Rad8 21.Qc2 Rxd1+
22.Qxd1 Rd8 23.Qc1 Nd3+ 0-1

[Event "4th Lost Boys op"]
[Site "Antwerp BEL"]
[Date "1996.08.02"]
[Round "1.27"]
[White "Blees, Albert"]
[Black "Riemens, Albert"]
[Result "1-0"]
[WhiteElo "2415"]
[BlackElo "2180"]
[EventDate "1996.08.02"]
[PlyCount "54"]

1.d4 Nf6 2.c4 c5 3.d5 e6 4.Nc3 exd5 5.cxd5 d6 6.e4 g6 7.Bd3 Bg7 8.Nge2 O-O
9.O-O Na6 10.h3 Nc7 11.Ng3 a6 12.a4 Rb8 13.Bg5 h6 14.Bd2 b5 15.axb5 axb5 
16.b4 cxb4 17.Na2 Nd7 18.Nxb4 Ne5 19.Ra7 Rb7 20.Ra3 Nc4 21.Bxc4 bxc4 22.
Qc1 Nb5 23.Ra8 Qh4 24.Qxc4 Bd7 25.Rxf8+ Kxf8 26.Nc6 Nc7 27.Bb4 Qf6 1-0

[Event "4th Lost Boys op"]
[Site "Antwerp BEL"]
[Date "1996.08.02"]
[Round "1.28"]
[White "Beeckmans, Felix"]
[Black "Bosboom, Manuel"]
[Result "0-1"]
[WhiteElo "2175"]
[BlackElo "2410"]
[EventDate "1996.08.02"]
[PlyCount "65"]

1.e4 c5 2.Nf3 d6 3.d3 Nc6 4.g3 g6 5.Bg2 Bg7 6.O-O Nf6 7.Re1 O-O 8.Nbd2 Rb8
9.a4 a6 10.e5 Ne8 11.exd6 Nxd6 12.Ng5 Nb4 13.Nb3 Nf5 14.Nxc5 Qc7 15.c3 
Qxc5 16.Ne4 Qa5 17.cxb4 Qxb4 18.a5 Be6 19.Ra4 Qb5 20.Nc3 Qd7 21.Bf4 Rbc8 
22.Rb4 Bxc3 23.bxc3 Bd5 24.Bxd5 Qxd5 25.Re5 Qd7 26.c4 e6 27.Qb1 Qc6 28.Rb6
Qf3 29.Rxf5 gxf5 30.Rxb7 Rfd8 31.Be3 e5 32.Qc1 Rxd3 33.Rb1 0-1

[Event "4th Lost Boys op"]
[Site "Antwerp BEL"]
[Date "1996.08.02"]
[Round "1.29"]
[White "Lane, Gary"]
[Black "Erwich, Frans"]
[Result "1-0"]
[WhiteElo "2405"]
[BlackElo "2175"]
[EventDate "1996.08.02"]
[PlyCount "47"]

1.e4 e5 2.Bc4 Nc6 3.Nf3 Bc5 4.c3 Nf6 5.d3 d6 6.O-O O-O 7.Bb3 Bb6 8.Re1 Na5
9.Bc2 Ng4 10.d4 f5 11.h3 fxe4 12.Bxe4 d5 13.Bg5 Nxf2 14.Bxd8 Nxd1 15.Bxd5+
Kh8 16.Be7 exd4 17.Bxf8 dxc3+ 18.Kh2 cxb2 19.Re8 Be6 20.Rxa8 Bxd5 21.Ba3+ 
Bg8 22.Bxb2 Nxb2 23.Nc3 c6 24.Re1 1-0

[Event "4th Lost Boys op"]
[Site "Antwerp BEL"]
[Date "1996.08.02"]
[Round "1.30"]
[White "Alkaersig, Ole"]
[Black "Van Mil, Johannes"]
[Result "0-1"]
[WhiteElo "2170"]
[BlackElo "2405"]
[EventDate "1996.08.02"]
[PlyCount "102"]

1.e4 g6 2.d4 Bg7 3.Nc3 c6 4.Bc4 d6 5.Nf3 Nf6 6.Bb3 O-O 7.O-O Bg4 8.h3 Bxf3
9.Qxf3 Nbd7 10.Be3 e6 11.Rad1 Qa5 12.Qg3 e5 13.Qh4 exd4 14.Rxd4 Ne8 15.
Rdd1 Bf6 16.Qg4 Rd8 17.f4 Nc5 18.Rf2 Bxc3 19.Bxc5 dxc5 20.Rxd8 Qxd8 21.
bxc3 b5 22.c4 Nf6 23.Qf3 Qd4 24.Qd3 Nxe4 25.Qxd4 cxd4 26.Re2 Re8 27.cxb5 
cxb5 28.Bd5 Nf6 29.Rxe8+ Nxe8 30.Bc6 Nc7 31.Kf2 Kf8 32.Ke2 Ke7 33.Kd3 Kd6 
34.Bb7 Ne6 35.Bf3 Kc5 36.g3 f6 37.h4 Nc7 38.a3 Nd5 39.h5 gxh5 40.Bxh5 Ne3 
41.Bf7 Nc4 42.a4 Nb2+ 43.Ke4 bxa4 44.g4 Nc4 45.Kd3 Nd6 46.Be6 h6 47.Bg8 a5
48.Be6 a3 49.Bg8 Nb5 50.Ke4 Nc3+ 51.Kf5 Nd5 0-1

[Event "4th Lost Boys op"]
[Site "Antwerp BEL"]
[Date "1996.08.02"]
[Round "1.31"]
[White "Visser, Yge"]
[Black "Brandenburg, Erik"]
[Result "1-0"]
[WhiteElo "2395"]
[BlackElo "2170"]
[EventDate "1996.08.02"]
[PlyCount "83"]

1.e4 c5 2.Nf3 d6 3.g3 Nc6 4.Bg2 Nf6 5.d3 g6 6.O-O Bg7 7.Nc3 O-O 8.Nh4 Rb8 
9.f4 Bd7 10.f5 b5 11.Bg5 b4 12.Ne2 Nd4 13.Nxd4 cxd4 14.h3 Rc8 15.Qd2 Qb6 
16.Rac1 Rc7 17.Bh6 Rfc8 18.Bxg7 Kxg7 19.Rf2 Qa5 20.g4 Qxa2 21.g5 Ne8 22.
Qxb4 Rxc2 23.Qxd4+ Kg8 24.Rcxc2 Rxc2 25.Rxc2 Qb1+ 26.Bf1 Qxc2 27.Qxa7 Bb5 
28.Qxe7 Qxb2 29.Nf3 Qc1 30.f6 Qe3+ 31.Kg2 d5 32.Kg3 Bc6 33.exd5 Qxe7 34.
fxe7 Bxd5 35.Ne5 f6 36.gxf6 Nxf6 37.d4 Bf7 38.Bb5 Kg7 39.Bc6 Ne8 40.Kf4 h6
41.Nxf7 Kxf7 42.Ke5 1-0

[Event "4th Lost Boys op"]
[Site "Antwerp BEL"]
[Date "1996.08.02"]
[Round "1.32"]
[White "De Wachter, Matthias"]
[Black "Enklaar, Bertus"]
[Result "0-1"]
[WhiteElo "2170"]
[BlackElo "2390"]
[EventDate "1996.08.02"]
[PlyCount "94"]

1.e4 e5 2.Nf3 Nc6 3.d4 exd4 4.Nxd4 Nf6 5.Nc3 d6 6.Bb5 Bd7 7.Bg5 Be7 8.O-O 
O-O 9.Qd2 h6 10.Bf4 Re8 11.Rad1 Bf8 12.Rfe1 Ne5 13.Bxd7 Qxd7 14.Nf5 Ng6 
15.Bg3 Nh5 16.f3 Nxg3 17.hxg3 Rad8 18.Nd5 c6 19.Nde3 Qe6 20.c4 Ne5 21.b3 
g6 22.Nd4 Qc8 23.Kf2 h5 24.Qa5 a6 25.Rh1 b5 26.Rh2 bxc4 27.bxc4 Qb7 28.Qc3
Rb8 29.Nb3 Qb4 30.Qxb4 Rxb4 31.Rhh1 a5 32.Rb1 Ra4 33.Ra1 Bg7 34.Ke2 f5 35.
Rac1 fxe4 36.fxe4 Rxa2+ 37.Nd2 Rb8 38.Rb1 Ra8 39.Rb7 Bh6 40.Rhb1 a4 41.
R1b2 Rxb2 42.Rxb2 Kf7 43.Ra2 Ke6 44.Ndf1 Kd7 45.Kd1 Kc7 46.Rb2 Nd3 47.Ra2 
Nc5 0-1